| 000 | 00682nam a2200205 i 4500 | ||
|---|---|---|---|
| 001 | 146124 | ||
| 003 | ES-MaACL | ||
| 005 | 20250730063132.0 | ||
| 007 | t| | ||
| 008 | 070903s1972 sp ||||1| spa d | ||
| 080 | _a92 Torres Villarroel, Diego de | ||
| 080 | _a860-94"17" | ||
| 100 | 1 |
_aTorres Villarroel, Diego de, _d1693-1770 _9111026 |
|
| 245 | 1 | 0 |
_aVida, ascendencia, nacimiento, crianza y aventuras / _cDiego de Torres Villarroel ; introducción y notas de Guy Mercadier. |
| 260 |
_aMadrid : _bCastalia, _c[1972] |
||
| 300 |
_a301 p. : _bil. ; _c18 cm. |
||
| 700 | 1 |
_aMercadier, Guy. _980431 |
|
| 852 |
_aES-MaACL _jE-8052 _bR.92644 |
||
| 999 |
_c146124 _d146124 |
||